Making books: that fly, fold, wrap, hide, pop up, twist and turn

Na minha lista:
Detalhes bibliográficos
Autor principal: Diehn, Gwen (Author)
Formato: Livro
Idioma:inglês
Publicado em: Nueva York Lark Crafts 2006
Edição:1a. ed
Assuntos:
Tags: Adicionar Tag
Sem tags, seja o primeiro a adicionar uma tag!

MARC

LEADER 00000cam a2200000 a 4500
001 UCE1311
003 CL-VaPUC
008 140407e20060000us |||||||||||||||||eng|d
020 |a 1579900232 
082 0 4 |a 736.98  |b DIE  |2 21 
100 0 |a Diehn, Gwen  |e author  |9 573650 
245 1 0 |a Making books: that fly, fold, wrap, hide, pop up, twist and turn 
250 |a 1a. ed 
300 |a 96 p 
942 |c BK 
945 |d 20140407 11:30:00  |a dcastane 
260 |a Nueva York  |b Lark Crafts  |c 2006 
650 0 |a Papel plegado  |9 434365 
650 7 |a PAPIROFLEXIA  |2 CL-VaPUC  |9 310848 
650 0 |a Diseño gráfico  |9 266874 
583 |a last modification  |c 20151207 12:20:14  |k Rodrigo Vera 
999 |c 355142  |d 355140 
952 |0 0  |1 0  |3 erb  |4 0  |6 736_980000000000000_DIE_2006  |7 0  |8 F  |9 461530  |a BIBARQ  |b BIBARQ  |i 5066271  |l 4  |m 1  |o 736.98 DIE 2006  |p 5066271  |r 2025-01-20  |s 2024-11-11  |w 2019-11-23  |y BK_F  |z Catalogado en:20140407  |k ARQ